00764nam a22002657a 4500001000700000003000900007005001700016007000700033008002900040020001800069040002200087082003000109100001400139245004700153260003800200300002000238500000600258500005800264500004100322600006200363650001500425650002100440650002400461650001300485000470DO-SdBNP20231003095638.0000470160905b2007 ag|| 00| 0 spa d a9789870406693 aBPMSUbspacBPMSU 4a658.4092 bW812P 20072221 aWise, Tom10aPeter Drucker :bEl personaje /cTom Wise. aBuenos Aires : bAguilar, c2007. a2v. ; c22 cm.  a  aIncluye datos del autor en la solapa de la cubierta. aPrimera reimpresión: mayo de 2008.14aDrucker, Peter d1909-2005xCrítica e interpretación  4aLiderazgo. 4aAptitud de mando 4aDisciplina laboral. 4aGerentes